Ibrahim Ibn Sahl (Record no. 190639)

MARC details
000 -LEADER
campo de control de longitud fija 01196nam a2200301 i 4500
001 - NÚMERO DE CONTROL
campo de control 190639
003 - IDENTIFICADOR DE NÚMERO DE CONTROL
campo de control ES-MaACL
005 - FECHA Y HORA DE LA ÚLTIMA TRANSACCIÓN
campo de control 20260311113126.0
008 - DATOS DE LONGITUD FIJA--INFORMACIÓN GENERAL
campo de control de longitud fija 220228s2012 ae 001 0bfre d
020 ## - NÚMERO INTERNACIONAL ESTÁNDAR DEL LIBRO
Número Internacional Estándar del Libro 978-9931-348-44-3
100 1# - ENTRADA PRINCIPAL--NOMBRE DE PERSONA
Nombre de persona Soualah, Mohammed.
9 (RLIN) 174244
245 10 - MENCIÓN DEL TÍTULO
Título Ibrahim Ibn Sahl
Resto del título : poète musulman d'Espagne [1212-1251] : son pays, sa vie, son oeuvre et sa valeur littéraire : thèse /
Mención de responsabilidad, etc. Soualah Mohammed.
260 ## - PUBLICACIÓN, DISTRIBUCIÓN, ETC.
Lugar de publicación, distribución, etc. [Alger :
Nombre del editor, distribuidor, etc. Université d'Alger,
Fecha de publicación, distribución, etc. 2012]
300 ## - DESCRIPCIÓN FÍSICA
Extensión 183 p. ;
Dimensiones 23 cm.
490 1# - MENCIÓN DE SERIE
Mención de serie Publications du cinquantenaire de l'Université d'Alger
500 ## - NOTA GENERAL
Nota general Índice.
502 ## - NOTA DE TESIS
Nota de tesis Tesis-Universidad de Argelia.
504 ## - NOTA DE BIBLIOGRAFÍA, ETC.
Nota de bibliografía, etc. Bibliografía: p. 23-29.
530 ## - NOTA DISPONIBLE DE FORMULARIO FÍSICO ADICIONAL
Nota de formato físico adicional disponible Disponible en formato digital.
546 ## - NOTA DE IDIOMA
Nota de lengua/lenguaje Textos en francés y árabe.
600 14 - PUNTO DE ACCESO ADICIONAL DE MATERIA--NOMBRE DE PERSONA
Nombre de persona Ibn Sahl al-Israili, Ibrahim,
Fechas asociadas al nombre ca. 1212-1251
9 (RLIN) 174245
830 1# - PUNTO DE ACCESO ADICIONAL DE SERIE-TÍTULO UNIFORME
Título uniforme Publications du cinquantenaire de l'Université d'Alger
9 (RLIN) 225919
852 4# - LOCALIZACIÓN
Ubicación ES-MaACL
Número de control de estantería A-14902
itemnumber 197818
Sublocalización o colección R.152303
Ubicación en estantería Depósito 1
Signatura antigua Olim: N-7902
Donativo/Legado Donación: Soualah Mohammed
903 ## - NOMBRE PERSONAL DE DONANTE
9 174244
a Soualah, Mohammed
e Donante
942 ## - ELEMENTOS DE ENTRADA SECUNDARIOS (KOHA)
Fuente del sistema de clasificación o colocación Clasificación decimal universal
Tipo de ítem Koha Libro impreso
Holdings
Estatus retirado Estado de pérdida Fuente del sistema de clasificación o colocación Estado de daño No para préstamo Colección Biblioteca de origen Biblioteca actual Ubicación en estantería Fecha de adquisición Fuente de adquisición Total de préstamos Signatura topográfica completa Código de barras Visto por última vez Precio de reemplazo Tipo de ítem Koha
    Clasificación decimal universal     Colección digital Biblioteca del Ateneo de Madrid Biblioteca del Ateneo de Madrid Depósito 1 28/02/2022 Donación   A-14902 1202859 23/02/2023 23/02/2023 Libro impreso